00407nam a2200157Ia 4500008004100000020001500041082001600056100001300072245006400085250000900149260002500158300001300183500002500196650001400221700001400235230524s9999 xx 000 0 und d a8190089374 a621.26bMOD aP.N.Modi 0aHydraulics and Fluid Mechanics Including Hydraulic Machines a15TH aNEW DELHIbSBHc2005 aXVI;1256 aQuantity Number: 92 aMechanics a S.M.Seth